00578nam a2200205 a 4500001001300000003000900013005001700022008004100039020001000080082001300090100002100103245004500124260005500169300001000224500003500234505004200269650001500311650002500326700002100351nice12345678IN_TiNIC20260116013548.0050524s1985 bana grp 000 0 eng  ac29000a344bCOR aCoriden, James A aCode of Canon Law; a Text and Commentary aBangalorebTheological Publications in Indiac1985 a1152p aincludes index and biblioraphy2 ajesuit theological forum reflections. aCanon Laws aChristianity and Law1 aCoriden, James A